| 000 | 00401nam a22001697a 4500 | ||
|---|---|---|---|
| 003 | MPLRDC | ||
| 005 | 20220104163517.0 | ||
| 008 | 210129b ||||| |||| 00| 0 eng d | ||
| 082 | _a870.57 COR | ||
| 100 | _aJIM CORBETT | ||
| 245 |
_aMAN-EATERS OF KUMAON _c |
||
| 250 | _a第一版 | ||
| 260 |
_a _bOXFORD UNIVERSITY PRESS _c1944 |
||
| 300 | _b精 | ||
| 650 | _aFICTION | ||
| 942 |
_cBK _o870.57 COR |
||
| 999 |
_c56497 _d56487 |
||